| 000 | 00335nam a22001451a 4500 | ||
|---|---|---|---|
| 082 |
_aH301 _bMAN/T |
||
| 100 | _aManzoor Ehtesham | ||
| 245 |
_aTasbeeh/ _cby Manzoor Ehtesham |
||
| 260 |
_aHariyana: _bAadhar, _c1998. |
||
| 300 | _a158p. | ||
| 650 | _aStories Hindi | ||
| 650 | _aLiterature Hindi | ||
| 650 | _aLiterature | ||
| 942 | _cBK | ||
| 999 |
_c46118 _d46118 |
||